[Event "Villahermosa Mexican op (Women)"]
[Site "Villahermosa"]
[Date "2021.08.05"]
[Round "1"]
[White "Corrales Jimenez, Zenia"]
[Black "Martha Lureco, Nayeli Aime"]
[Result "1-0"]
[WhiteElo "2191"]
[BlackElo "1671"]
[PlyCount "51"]
[EventDate "2021.08.05"]
[EventType "swiss"]
[EventRounds "9"]
[EventCountry "MEX"]
[SourceTitle "EXT 2022"]
[Source "ChessBase"]
[SourceDate "2021.10.06"]
[SourceVersion "1"]
[SourceVersionDate "2021.10.06"]
[SourceQuality "1"]

1. e4 c5 2. Nf3 g6 3. d4 cxd4 4. Nxd4 Nf6 5. Nc3 d6 6. Be3 Ng4 7. Bb5+ Bd7 8. Qxg4 Bxb5 9. Ncxb5 Bg7 10. 0-0 0-0 11. Nc3 Nd7 12. Qe2 Nc5 13. Rfd1 Qb6 14. Nb3 Qc7 15. Nd5 Qb8 16. Nxc5 dxc5 17. Nxe7+ Kh8 18. Nd5 Bxb2 19. Rab1 Be5 20. f4 Bg7 21. Bxc5 Re8 22. Bd4 b6 23. Bxg7+ Kxg7 24. Qc4 Qc8 25. Qd4+ Kh6 26. Rd3 1-0

[Event "Speed Chess (Women) Q8"]
[Site "Chess.com INT"]
[Date "2021.06.06"]
[Round "1"]
[White "Corrales Jimenez, Zenia"]
[Black "Sliwicka, Alicja"]
[Result "0-1"]
[WhiteElo "2189"]
[BlackElo "2308"]
[PlyCount "82"]
[EventDate "2021.06.06"]
[EventType "swiss (blitz)"]
[EventRounds "13"]
[EventCountry "USA"]
[SourceTitle "CBM 202 Extra"]
[Source "ChessBase"]
[SourceDate "2021.07.31"]
[SourceVersion "1"]
[SourceVersionDate "2021.07.31"]
[SourceQuality "1"]

1. e4 c5 2. Nf3 d6 3. d4 cxd4 4. Nxd4 Nf6 5. Nc3 Bd7 6. Be2 e5 7. Nb3 Bc6 8. Bg5 Be7 9. Bxf6 Bxf6 10. 0-0 0-0 11. Nd2 d5 12. exd5 Bxd5 13. Nxd5 Qxd5 14. Bf3 Qb5 15. Rb1 Nc6 16. Ne4 Be7 17. c3 Rad8 18. Qc2 f5 19. Ng3 e4 20. Be2 Qe5 21. Qb3+ Kh8 22. Qxb7 Rd6 23. Rfd1 Rh6 24. Nf1 f4 25. Qb5 Qf6 26. f3 e3 27. Rd5 Qh4 28. Kh1 Qf2 29. Bd3 Bh4 30. Rh5 a6 31. Qd5 Rd8 32. Qf5 Ne7 33. Qg4 Rxh5 34. Qxh5 Rxd3 35. Qe8+ Ng8 36. Qe4 Rd8 37. Qxf4 e2 38. Qc1 Re8 39. Ng3 Bxg3 40. hxg3 e1Q+ 41. Qxe1 Rxe1+ 0-1